000 00837nam a22002297a 4500
999 _c5781
_d5781
003 AR-CdUCM
008 190313b ||||| |||| 00| 0 spa d
040 _aMUNICIPALIDAD PROVINCIAL DEL CUSCO
_cBIBLIOTECA MUNICIPAL DEL CUSCO
082 _22ed.
_a869.50 /
_bES74
100 _aEscobar, Alberto
_91581
245 _aLa narración en el Perú /
260 _aLima :
_bJuan Mejía Baca,
_c1960.
300 _a512 páginas ;
_c25 cm.
500 _aDonación Familia Luis Nieto
505 _aContenido: Tradición oral y narración escrita -- En torno de las tradiciones -- Hacia la actualidad y su descripción -- Entre dos siglos: Melodía y color...
650 _aCuento peruano
_93686
650 _aCrítica textual
_917171
650 _aLeyendas
_92226
650 _aLiteratura peruana
_9169
942 _2ddc
_cLIBROS
945 _adavv